| 000 | 00886nam a22002057a 4500 | ||
|---|---|---|---|
| 005 | 20100506161352.0 | ||
| 008 | 100401t xxu||||| |||| 00| 0 eng d | ||
| 020 |
_c235.00 _a9780230637610 |
||
| 037 | _bPUB | ||
| 040 |
_adpl _bEnglish |
||
| 100 | _aVipul Singh | ||
| 245 |
_aInterpreting medieval India / _cby Vipul Singh |
||
| 260 |
_aNew Delh _bMacmillan _c2009 |
||
| 270 |
_bNew Delhi _a2/10, Ansari Road, Daryaganj _e110002 |
||
| 300 |
_av.1 (xii, 420p.) _c25cm(pbk) _bill. |
||
| 500 | _aIncludes glossary, bibligraphical references and index | ||
| 505 | _av.1- Early medieval, Delhi sultanate and regions (circa 750-1550) | ||
| 942 |
_2ddc _cEN _mVIP |
||
| 999 |
_c35766 _d35766 |
||